Stratégia tvorby cien v a.s. Istrochem

Salvato in:
Dettagli Bibliografici
Autore principale: Tkáčová, Dana (Autore)
Natura: Manoscritto Libro
Lingua:slovacco
Pubblicazione: Bratislava : STU v Bratislave ChtF, 1999
Edizione:Obháj.: 8.7.1999
Tags: Aggiungi Tag
Nessun Tag, puoi essere il primo ad aggiungerne!!

MARC

LEADER 00000ntm a22000003a 4500
001 stu50005
005 20150617225709.3
008 990624s1999------------------------slo-d
040 |a STU  |b slo 
041 0 |a slo 
100 1 |a Tkáčová, Dana  |4 aut 
245 1 |a Stratégia tvorby cien v a.s. Istrochem 
250 |a Obháj.: 8.7.1999 
260 |a Bratislava :  |b STU v Bratislave ChtF,  |c 1999 
300 |a 69 s 
500 |a Tab.,grafy,lit.Zameranie: Manažment chemického a potr.priemyslu 
996 |b 284C008405  |c C*D12757  |l CCI  |s A  |a 24  |w stu50005_0001